| 000 | 00381nam a22001337a 4500 | ||
|---|---|---|---|
| 082 |
_a624.2 _bAME _cL-38, P-136 |
||
| 245 | _aStandard specifications for highway bridges | ||
| 250 | _aFifteen ed. | ||
| 260 |
_aWashington _bAmerican association _cc1992. |
||
| 300 |
_aix, 686 p. _bill. _c40 cm. |
||
| 526 |
_a0 _b0 _c0 _d624_200000000000000_AME |
||
| 650 |
_aMCE _9379 |
||
| 942 |
_2ddc _cBK |
||
| 999 |
_c549568 _d549568 |
||